Statistics for TV Title Translation - French

Click here to take the quiz!

General Stats

  • This quiz has been taken 17,181 times
  • The average score is 13 of 22

Answer Stats

French English % Correct
AmisFriends
98%
Une famille moderneModern Family
94%
Le sexe et la villeSex and the City
84%
Deux hommes et demiTwo and a Half Men
82%
Nouvelle filleNew Girl
72%
Grand frèreBig Brother
72%
Parc du sudSouth Park
71%
Le bureauThe Office
65%
ChâteauCastle
62%
Les filles d'orThe Golden Girls
58%
Jours de nos viesDays of our Lives
58%
Jours heureuxHappy Days
56%
PerduLost
55%
Les morts qui marchentThe Walking Dead
54%
Marié avec des enfantsMarried with Children
52%
Lumières du vendredi soirFriday Night Lights
49%
Vrai sangTrue Blood
48%
Qui est le chefWho's the Boss
43%
Loup adolescentTeen Wolf
43%
Un garçon rencontre le mondeBoy Meets World
42%
Vingt et un rue du saut21 Jump Street
38%
Tribunal de nuitNight Court
34%

Score Distribution

Percentile by Number Answered

Percent of People with Each Score

Your Score History

You have not taken this quiz